000 00973nam a22003137a 4500
001 0024973
003 KOHA_MİRAKIL
005 20260207002454.0
007 ta
008 101112b2010 tu |||grd|||#0|||0|tur |
020 _a9789754710182
_cYTL35,525
040 _aTR-BiSEU
_btur
_cTR-BiSEU
_erda
041 0 _atur
044 _ctu
050 _aQ123
_b.D53 2010
245 0 _aTeknik terimler sözlüğü :
_bİngilizce - Türkçe Türkçe - İngilizce=Dictionary of technical term /
_ceditör Ali Bayram.
264 1 _aİstanbul :
_bFono Yayınları
_c2010
300 _a835 sayfa; 21 cm.
336 _ametin
_btxt
_2rdacontent
337 _aaracısız
_bn
_2rdamedia
338 _acilt
_bnc
_2rdacarrier
490 1 _aFono yayınları ;
_v143.
490 1 _aModernsözlükler Dizisi
650 0 _aTeknoloji--Sözlükler.
_93393
830 1 _aFono yayınları ;
_v143.
_91580
830 1 _aModernsözlükler Dizisi
_950752
907 _aSözlük
942 _2lcc
_cBK
999 _c24923
_d24923